000 02233nam a22002777a 4500
001 1303
005 20250527161431.0
020 _a9789995054977
040 _aFISKH
_beng
_cFISKH
_dFISKH
082 _a398.21
100 _aDary, Heng
245 _aព្រះអង្គម្ចាស់មិនចេះសើច /
_cហេង​ ដារី - កុងស្ដង់ នូរី
250 _aបោះពុម្ពលើកទី ៩ ខែមិថុនា ឆ្នាំ ២០២២
260 _aPhnom Penh :
_bSipar,
_c2022.
300 _a43 pages :
_bcolor illustrations ;
_c19 cm
490 _aខ្ញុំអានបាន
505 _aY
520 _aនៅនគរម្លប់ឈើ មានព្រះអង្គម្ចាស់មួយអង្គមិនចេះសើចសោះតាំងពីកំណើតមក។ មាតាព្យាយាមគ្រប់យ៉ាងឳ្យទ្រង់អាចសើចបាន តែគ្មានលទ្ធផលឡើយ។ ថ្ងៃមួយ មាតាទ្រង់យល់សប្ដិថា មានតែវិធីមួយគត់ដែលអាចជួយបុត្របាន គឺត្រូវឳ្យទ្រង់ទៅព្យាបាលអរក្សផ្ដាសាយម្នាក់តែមួយអង្គឯង។ ប៉ុន្តែពេលទង់ទៅជួបអារក្ស ព្រះអង្គក៏ជួបរឿងចម្លែកៗ ច្រើនឡើង។
520 _aIn the kingdom shade of the tree, there is a prince who never laughs from birth. His mother tried everything to make him laugh, but it is impossible. One day, his mother dreamed that the only way she could help her son was to go and cure the flu​ of the mountain spirit alone. But when he went to meet the spirit, he encountered more and more strange things.
521 _a890
_bLexile estimate
521 _aY
_bRaz-Plus
650 _aព្រះអង្គម្ចាស់
_vអារក្ស​
_xម្នាក់ឯង
650 _aPrince
_vSpirit
_xAlone
700 _aKungsdong, Noury
_cillustrator
942 _2ddc
_cBK
_n0
999 _c1303
_d1303